|
|
|
|
| LEADER |
00000nam0a2200000 4500 |
| 001 |
114611 |
| 005 |
20231031122316.0 |
| 035 |
|
|
|a (RuTPU)RU\TPU\book\123942
|
| 090 |
|
|
|a 114611
|
| 100 |
|
|
|a 20070424d1977 km y0rusy50 ca
|
| 101 |
0 |
|
|a rus
|
| 102 |
|
|
|a RU
|
| 105 |
|
|
|a a z 001zy
|
| 200 |
1 |
|
|a Литологические исследования печаных продуктивных коллекторов
|e нефтепромысловая литология
|f О. А. Черников, А. И. Куренков
|g Академия наук СССР (АН СССР) ; Институт геологии и разработки горючих ископаемых (ИГиРГИ)
|
| 210 |
|
|
|a Москва
|c Наука
|d 1977
|
| 215 |
|
|
|a 110 с.
|c ил.
|
| 320 |
|
|
|a Библиогр.: с. 107-109.
|
| 610 |
1 |
|
|a литология
|
| 610 |
1 |
|
|a исследование
|
| 610 |
1 |
|
|a продуктивные коллекторы
|
| 610 |
1 |
|
|a песчаные отложения
|
| 610 |
1 |
|
|a нефтяные пласты
|
| 610 |
1 |
|
|a изучение
|
| 675 |
|
|
|a 553.98.03
|v 3
|
| 675 |
|
|
|a 552.5
|v 3
|
| 700 |
|
1 |
|a Черников
|b О. А.
|g Олег Анатольевич
|
| 701 |
|
1 |
|a Куренков
|b А. И.
|g Александр Иванович
|
| 712 |
0 |
2 |
|a Академия наук СССР (АН СССР)
|2 stltpush
|3 (RuTPU)RU\TPU\col\722
|
| 712 |
0 |
2 |
|a Институт геологии и разработки горючих ископаемых (ИГиРГИ)
|c (Москва)
|2 stltpush
|3 (RuTPU)RU\TPU\col\294
|
| 801 |
|
1 |
|a RU
|b 63413507
|c 20070424
|g PSBO
|
| 801 |
|
2 |
|a RU
|b 63413507
|c 20180625
|g PSBO
|
| 942 |
|
|
|c BK
|